000 00314nam a2200133Ia 4500
100 _aAtthreya/N.H
942 _cBK
654 _apublic speaking
245 _aPublic speaking committe meetings
260 _bMMC School Of Management
_aMumbai
_c1984
082 _a658.452
_bATT
300 _a126
546 _aENGLISH
999 _c17830
_d17830